Tvorba mobilnej aplikácie pre nevidiacich - čítanie bakalárska práca

Guardado en:
Detalles Bibliográficos
Autor principal: Sarik, Samuel
Autor Corporativo: Fakulta hospodárskej informatiky EU. Katedra aplikovanej informatiky
Otros Autores: Kultan, Jaroslav, 1960-
Formato: Libro
Lenguaje:eslovaco
Publicado: Bratislava 2019
Etiquetas: Agregar Etiqueta
Sin Etiquetas, Sea el primero en etiquetar este registro!

MARC

LEADER 00000nbm a2200000 4500
001 0255902
005 20191206095217.1
041 0 |a slo 
044 |a SK 
245 1 0 |a Tvorba mobilnej aplikácie pre nevidiacich - čítanie  |b bakalárska práca  |c Samuel Sarik ; školiteľ: Jaroslav Kultan 
264 1 |a Bratislava  |c 2019 
300 |a 70 s. 
100 1 |a Sarik, Samuel 
700 1 |a Kultan, Jaroslav, 1960- 
710 2 |a Fakulta hospodárskej informatiky EU. Katedra aplikovanej informatiky